Plan de estudios de la carrera de Ingeniería en Sistemas Informáticos (Registro nro. 10821)
[ vista simple ]
| 000 -CABECERA | |
|---|---|
| Longitud fija campo de control | 01102nam a22002177a 4500 |
| 003 - IDENTIFICADOR DELl NÚMERO DE CONTROL | |
| Identificador del número de control | OSt |
| 005 - FECHA Y HORA DE LA ÚLTIMA TRANSACCIÓN | |
| Fecha y hora de la última transacción | 20170608093016.0 |
| 008 - CÓDIGOS DE INFORMACIÓN DE LONGITUD FIJA | |
| Códigos de información de longitud fija | 130611b2008 slv spa |
| 040 ## - FUENTE DE LA CATALOGACIÓN | |
| Centro catalogador de origen | BMC |
| Centro transcriptor | BMC |
| 082 ## - NÚMERO DE LA CLASIFICACIÓN DECIMAL DEWEY | |
| Númeroo de clasificación | 378.19997284 |
| 082 ## - NÚMERO DE LA CLASIFICACIÓN DECIMAL DEWEY | |
| Númeroo de clasificación | 004.2378199 |
| 110 0# - PUNTO DE ACCESO PRINCIPAL-NOMBRE DE ENTIDAD CORPORATIVA | |
| 9 (RLIN) | 1166 |
| Nombre de entidad corporativa o nombre de jurisdicción como elemento inicial | Universidad Católica de El Salvador |
| Unidad subordinada | Facultad de Ingeniería y Arquitectura |
| 245 10 - MENCIÓN DE TÍTULO | |
| Título | Plan de estudios de la carrera de Ingeniería en Sistemas Informáticos |
| Resto del título | : enero de 2008 |
| Mención de responsabilidad, etc. | Universidad Católica de Occidente, Facultad de Ingeniería y Arquitectura |
| 260 ## - PUBLICACIÓN, DISTRIBUCIÓN, ETC. (PIE DE IMPRENTA) | |
| Lugar de publicación, distribución, etc. | Santa Ana |
| Nombre del editor, distribuidor, etc. | UNICAES |
| Fecha de publicación, distribución, etc. | 2008 |
| 300 ## - DESCRIPCIÓN FÍSICA | |
| Extensión | 229 h. |
| Otras características físicas | 28 cm |
| 500 ## - NOTA GENERAL | |
| Nota general | Ejemp. fotocopiado y enc. en pasta rústica |
| 594 ## - NOTA AL TÍTULO Y MENCIÓN DE RESPONSABIBLIDAD | |
| Nota Al Título Y Mención De Responsabilidad | En la port.: con sello de la Dirección Nacional de Educación Superior referente a la aprobación del plan de estudio: acuerdo ejecutivo N° 15-1169, de fecha 11-09-2007, Diario Oficial N° 187 de 11-09-2007, tomo 377 |
| 650 24 - PUNTO DE ACCESO ADICIONAL DE MATERIA - TÉRMINO DE MATERIA | |
| 9 (RLIN) | 10244 |
| Término de materia o nombre geográfico como elemento inicial | Ingeniería de software |
| Subdivisión de forma | Programas de estudio |
| 610 04 - PUNTO DE ACCESO ADICIONAL DE MATERIA - NOMBRE DE ENTIDAD CORPORATIVA | |
| 9 (RLIN) | 5368 |
| Nombre de entidad corporativa o nombre de jurisdicción como elemento inicial | Universidad Católica de El Salvador |
| Unidad subordinada | Facultad de Ingeniería y Arquitectura |
| Subdivisión de forma | Programas de estudio |
| 942 ## - ENTRADA DE ELEMENTOS AGREGADOS (KOHA) | |
| Fuente de clasificaión o esquema | Dewey Decimal Classification |
| Koha [por defecto] tipo de item | 1- Monografias |
| Suprimido | Perdido | Fuente de clasificación o esquema | Estropeado | Restricciones de uso | No para préstamo | Código de colección | Localización permanente | Localización actual | Localización en estanter&íacute;as | Fecha adquisición | Fuente de adquisición | Número de inventario | Préstamos totales | Signatura completa | Código de barras | Fecha última consulta | Coste, precio reemplazado | Fecha del precio de reemplazo | Tipo de item de Koha | Fecha último préstamo |
|---|---|---|---|---|---|---|---|---|---|---|---|---|---|---|---|---|---|---|---|---|
| NULL | NULL | Dewey Decimal Classification | NULL | Prestable | NULL | NULL | Biblioteca Centro Regional de Ilobasco | Biblioteca Centro Regional de Ilobasco | Sala Principal | 10/04/2010 | UNICAES | LI003022 | 378.1 UNI pla | 1039861 | 24/11/2016 | 24/11/2016 | 1- Monografias | |||
| NULL | NULL | Dewey Decimal Classification | NULL | Prestable | NULL | NULL | Biblioteca Centro Regional de Ilobasco | Biblioteca Centro Regional de Ilobasco | Sala Principal | 10/04/2010 | UNICAES | LI003023 | 1 | 378.1 UNI pla | 1039862 | 06/07/2017 | 24/11/2016 | 1- Monografias | 24/06/2017 | |
| NULL | NULL | Dewey Decimal Classification | NULL | Prestable | NULL | NULL | Biblioteca Miguel de Cervantes - UNICAES | Biblioteca Miguel de Cervantes - UNICAES | Sala Principal | 05/02/2008 | Donación - Facultad de Ingenieria y Arquitectura | 017296 | 378.1 UNI pla | 1017639 | 05/06/2014 | 24.00 | 05/06/2014 | 1- Monografias |